000 00424nam a22001697a 4500
005 20160625093711.0
008 160625b xxu||||| |||| 00| 0 eng d
020 _a81-259-0781-5
041 _aeng
082 _b9932
100 _aGhosh, Biswanath
_9728
245 _aHuman Resource Development
260 _aNew Delhi
_bVikas Publishing House (P) Ltd.
_c2005
300 _a351
650 _aManagement
_9241
942 _cBK
999 _c3891
_d3890